000 00632nam a22002177a 4500
999 _c2112
_d2112
003 BD-JhCC
005 20171029194419.0
008 171029s1993 ii |||| |||| 000 0 ben d
020 _a817079045X
035 _a(BD-JhCC)
040 _aBD-JhCC
_dBD-JhCC
041 _aben
082 _a891.443
_bSAN 1994
100 _aশংকর
245 _aস্বর্গ মর্ত পাতাল /
_cশংকর
260 _aকলকাতা :
_bদে'জ পাবলিশিং ,
_c১৯৯৪.
300 _a৯৯ পৃ. :
_c২২ সেমি.
650 _aCollection of Novel
942 _2ddc
_cBK